000 00233nam a22001097a 4500
999 _c166334
_d166334
082 _a
_b
100 _aViraj M M
245 _aHindi nibandh lekhan/
_cby Viraj M M.
260 _aNew Delhi:
_bRajpal,
_c
650 _a
942 _cBK